000 00302nam a22001217a 4500
008 181031b xxu||||| |||| 00| 0 eng d
041 _aeng
080 _a591
100 _a7
101 _aZOO
245 _aPathoparasitology. A color atlas of parasites in tissue sections
_cKenney, M
942 _2udc
_cBK
999 _c51372
_d51372